000 00578nam a22002177a 4500
003 UA-OsUOA
001 49431
007 ta
008 20071004b un ||||| |||| 00| 0 ukr d
090 _a82-9
_bС56
942 _cBK
040 _aUA-OsUOA
_brus
_cUA-OsUOA
_dUA-OsUOA
245 _aСоветские писатели
300 _a718 с.
955 _a1
041 _arus
080 _a82-9
260 _aМ.
_bХудожественная литература
_c1972
650 7 _a82 Література. Літературознавство
_2UDC
999 _c335537
_d335537